000 01398cam a2200253 4500
001 ##L131514
002 ##9214
008 051110n2005 000 0 eng u
020 _a1904388566
035 _a(Sirsi) u131514
041 0 _aeng
050 0 4 _aeng
110 2 _aCollege of Estate Management
_9400
245 0 0 _aBuilding technology
_bhigh rise structured and framebuilding
260 _aReading
_bCollege of Estate Management
_c2005
300 _a1
_fv. (loose-leaf)
_bill.
_c31cm.
350 _a125
490 _aCollege of Estate Management Distance Learning Study Material for Licensed Home Inspectors
_vLH12
505 2 _aFuther foundations -- Framed buildings -- The cladding of buildings -- Roofs and roof finishes -- Walls and partitions -- The construction of stairs -- Fire technology -- Provision for services in buildings -- Heating systems -- Ventilation --Thermal comfort -- An overview of building control in England and Wales.
520 _aAimed at those seeking to qualify as a home inspector this distance learning pack considers each building element in turn, including building services. The building control system in England and Wales is also discussed. A table of contents is provided for each of the 12 study papers includes. Gives lists of expected learning outcomes.
590 _aIKA170106
690 _aBUILT ENVIRONMENT-BUILDING ELEMENTS
942 _n0
999 _c104778
_d104778